Integración económica y situación de importaciones en América Latina
Saved in:
| Corporate Authors: | , |
|---|---|
| Format: | Bog |
| Sprog: | spansk |
| Udgivet: |
Ciudad de México
Fondo de Cultura Económica
1975
|
| Serier: | Sección de Obras de Economía
|
| Fag: | |
| Tags: |
Tilføj Tag
Ingen Tags, Vær først til at tagge denne postø!
|
MARC
| LEADER | 00000nam a2200000 a 4500 | ||
|---|---|---|---|
| 001 | UCR9304 | ||
| 003 | CL-VaPUC | ||
| 008 | 980613e19750000MX |||||||||||||||||spa|d | ||
| 082 | 0 | 4 | |a 337.18 |b CEP |2 21 |
| 110 | 2 | |a CEPAL |e author |9 411674 | |
| 710 | 2 | |a Comisión Económica para América Latina |e author |9 411675 | |
| 245 | 1 | 0 | |a Integración económica y situación de importaciones en América Latina |
| 300 | |a 232 p | ||
| 942 | |c BK | ||
| 945 | |d 19980613 00:00:00 |a crobeson | ||
| 260 | |a Ciudad de México |b Fondo de Cultura Económica |c 1975 | ||
| 650 | 0 | |a Economía internacional |9 258254 | |
| 650 | 0 | |a Integración económica |9 255024 | |
| 650 | 7 | |a IMPORTACIONES |2 CL-VaPUC |9 359079 | |
| 651 | 0 | |a América Latina |9 255027 | |
| 583 | |a last modification |c 19980613 00:00:00 |k Rodrigo Vera | ||
| 490 | 0 | |a Sección de Obras de Economía | |
| 999 | |c 270503 |d 270501 | ||
| 952 | |0 0 |1 0 |4 0 |6 337_180000000000000_CEP_1975 |7 0 |8 A |9 304819 |a BIBENE |b BIBENE |d 2019-11-20 |i 1409859 |o 337.18 CEP 1975 |p 1409859 |r 2025-01-15 |w 2019-11-20 |y BK |k ICO | ||